| 000 | 00429nam a2200169Ia 4500 | ||
|---|---|---|---|
| 008 | 121015t1998 xxu||||| |||| 00| 0 sin d | ||
| 041 | _asin | ||
| 080 |
_aX 8 S 31 _bWIJ |
||
| 100 | _aWijesingha,Dharmadasa | ||
| 245 | _aගිනි වතුර | ||
| 246 | _aGini Wathura | ||
| 260 |
_bSara Publishers _a Kottawa _c1998 |
||
| 300 | _a176p., 18 cm | ||
| 942 | _cBK | ||
| 999 |
_c71291 _d71291 |
||
| 003 | LK-CoDNM | ||
| 040 |
_aLK-CoDNM _dLK-CoDNM _eLK-CoDNM |
||